[Event "EY Boys U16 2012"]
[Site "Prague CZE"]
[Date "2012.08.22"]
[Round "6.36"]
[White "Dereshki,D"]
[Black "Cap,A"]
[Result "1-0"]
[WhiteElo "1938"]
[BlackElo "2074"]

1.d4 g6 2.c4 Bg7 3.Nc3 d6 4.e4 Nf6 5.Nf3 O-O 6.Be2 e5 7.O-O Nc6 8.d5 Ne7
9.Ne1 Nd7 10.Be3 f5 11.f3 f4 12.Bf2 g5 13.Rc1 Rf7 14.Nd3 b6 15.b4 Bf8 16.c5 h5
17.cxd6 cxd6 18.Nb5 Nf6 19.Nxe5 dxe5 20.d6 Rg7 21.dxe7 Qxe7 22.Rc7 Qe8 23.Rxg7+ Kxg7
24.Nc7 Qc6 25.Nxa8 Bxb4 26.Qd8 Qxa8 27.Ba6  1-0

[Event "EY Boys U14 2012"]
[Site "Prague CZE"]
[Date "2012.08.22"]
[Round "6.17"]
[White "Sibashvili,G"]
[Black "Aleksanyan,Gor"]
[Result "1-0"]
[WhiteElo "2073"]
[BlackElo "1907"]

1.d4 Nf6 2.c4 g6 3.Nc3 Bg7 4.e4 d6 5.Nf3 O-O 6.Be2 e5 7.O-O Nc6 8.d5 Ne7
9.Ne1 Nd7 10.Be3 f5 11.f3 f4 12.Bf2 g5 13.Rc1 Rf6 14.c5 dxc5 15.Nd3 b6 16.b4 cxb4
17.Nb5 c6 18.dxc6 Nxc6 19.Rxc6 Rxc6 20.Nxb4 Bb7 21.Qd5+ Kh8 22.Nxc6 Qc8 23.Ncxa7 Bxd5
24.Nxc8 Bg8 25.Ne7 Rxa2 26.Nxg8 Rxe2 27.Ne7 Bf8 28.Nd5 Rb2 29.Nbc3 Rc2 30.h3 Bc5
31.Na4 Bxf2+ 32.Rxf2 Rc1+ 33.Rf1 Rc2 34.Naxb6 Nc5 35.Nb4 Rb2 36.N6d5 Nb3
37.Nd3 Rd2 38.Nxe5  1-0

[Event "EY Boys U16 2012"]
[Site "Prague CZE"]
[Date "2012.08.23"]
[Round "7.24"]
[White "Grandadam,P"]
[Black "Markoja,S"]
[Result "1/2-1/2"]
[WhiteElo "2237"]
[BlackElo "2018"]

1.Nf3 Nf6 2.c4 g6 3.Nc3 Bg7 4.e4 d6 5.d4 O-O 6.Be2 e5 7.O-O Nc6 8.d5 Ne7
9.Nd2 a5 10.a3 Bd7 11.b3 Nc8 12.Qc2 Nb6 13.Nf3 Qe8 14.Be3 Ng4 15.Bxb6 cxb6
16.Nb5 Qe7 17.h3 Nf6 18.a4 Nh5 19.Ne1 Nf4 20.Nd3 Qg5 21.Bg4 f5 22.Nxf4 exf4
23.exf5 gxf5 24.Bf3 Bxa1 25.Rxa1 Bxb5 26.axb5 Qf6 27.Re1 Rfe8 28.Re6 Rxe6
29.dxe6 Re8 30.Bxb7 Kg7 31.Bd5 Qa1+ 32.Kh2 Qe5 33.Qd3 Re7 34.Qf3 Kg6 35.Kh1 h5
36.Kh2 Ra7 37.Qd1 h4 38.Kh1 Kg5 39.Kg1 Kh6 40.Kh1 Kg5 41.Kg1 Re7 42.Kh1 Rg7
43.Kg1 Kh6 44.Kh1 Rg5 45.Kg1 Kg6 46.Kh1 Kf6 47.Kg1 Qc3 48.Kh1 Ke7 49.Kh2 Qe5
50.Kg1  1/2-1/2

[Event "EY Boys U16 2012"]
[Site "Prague CZE"]
[Date "2012.08.23"]
[Round "7.23"]
[White "Szotkowski,J"]
[Black "Urbanc,P"]
[Result "1-0"]
[WhiteElo "2109"]
[BlackElo "1931"]

1.Nf3 Nf6 2.d4 g6 3.c4 Bg7 4.Nc3 O-O 5.e4 d6 6.Be2 e5 7.O-O Nc6 8.d5 Ne7
9.Ne1 a5 10.Be3 Ne8 11.Nd3 f5 12.f3 Nf6 13.c5 f4 14.Bf2 g5 15.cxd6 cxd6 16.Rc1 Ng6
17.Na4 g4 18.Nb6 Rb8 19.Rxc8 Rxc8 20.Nxc8 Qxc8 21.Qa4 gxf3 22.Bxf3 Qa8 23.b3 Rc8
24.Nb2 Qa6 25.Nc4 b5 26.Qxa5 Ra8 27.Qxa6 Rxa6 28.Nb6 Rxa2 29.Nc8 Bf8 30.Rb1 h5
31.h3 Nh8 32.Na7 Nf7 33.Nxb5 Ng5 34.Bh4 Ngxe4 35.Re1 Nxd5 36.Bxe4 Ne3 37.Bf2 Ra5
38.Nc7 d5 39.Bxe3 dxe4 40.Bb6 Ra3 41.Rxe4 Rxb3 42.Bf2 Rb1+ 43.Re1 Rxe1+ 44.Bxe1 Kf7
45.Kf2 Kf6 46.Bb4 Bh6 47.Ne8+ Ke6 48.Kf3 Kf5 49.Nd6+ Ke6 50.Ne4 Kf5 51.Ba3 Ke6
52.Nd6 Kd5 53.Nf5 e4+ 54.Kf2 Bg5 55.Be7 Bxe7 56.Nxe7+ Ke6 57.Nc6 Kd5 58.Nd8 Ke5
59.g3 e3+ 60.Kf3 fxg3 61.Kxe3 Kf5 62.Kf3 h4 63.Nc6 Ke6 64.Nd4+ Ke5 65.Ne2 Kf5
66.Nf4 Ke5 67.Ng6+  1-0

[Event "EY Boys U14 2012"]
[Site "Prague CZE"]
[Date "2012.08.23"]
[Round "7.33"]
[White "Blahynka,M"]
[Black "Monteriano,Eran"]
[Result "1-0"]
[WhiteElo "2145"]
[BlackElo "1947"]

1.d4 Nf6 2.c4 g6 3.Nc3 Bg7 4.e4 d6 5.Nf3 O-O 6.Be2 e5 7.O-O Nc6 8.d5 Ne7
9.b4 Nh5 10.Re1 f5 11.Ng5 Nf6 12.Bf3 h6 13.Ne6 Bxe6 14.dxe6 c6 15.Bb2 fxe4
16.Nxe4 Nxe4 17.Rxe4 d5 18.cxd5 cxd5 19.Rxe5 Bxe5 20.Bxe5 Qb6 21.Bb2 Rad8
22.Qd2 d4 23.Re1 Rd6 24.h4 Rf6 25.Bd1 Kh7 26.Bc1 d3 27.Qxh6+ Kg8 28.Qd2 Rf5
29.Bb3 Qd4 30.Re3 Qa1 31.Kh2 Rd4 32.g3 Rh5 33.Kg2 Rg4 34.Bb2 Qb1 35.Re1 Nf5
36.e7+ Kh7 37.Bg8+ Kxg8 38.e8=Q+  1-0

[Event "14th Sants Open A"]
[Site "Barcelona ESP"]
[Date "2012.08.24"]
[Round "8.5"]
[White "Shankland,S"]
[Black "Jimenez Fraga,P"]
[Result "1-0"]
[WhiteElo "2581"]
[BlackElo "2446"]

1.d4 Nf6 2.c4 d6 3.Nf3 g6 4.Nc3 Bg7 5.e4 O-O 6.Be2 e5 7.O-O Nc6 8.d5 Ne7
9.Ne1 Nd7 10.Be3 f5 11.f3 Nf6 12.c5 f4 13.Bf2 g5 14.Rc1 a6 15.cxd6 cxd6 16.Na4 Bd7
17.Nb6 Rb8 18.Qc2 Ne8 19.Nd3 h5 20.Qb3 g4 21.Nc5 g3 22.Ncxd7 gxf2+ 23.Rxf2  1-0

[Event "11th Lichtenberger Sommer 2012"]
[Site "Berlin GER"]
[Date "2012.08.24"]
[Round "7.21"]
[White "Major,Vitalij"]
[Black "Mai,A"]
[Result "1/2-1/2"]
[WhiteElo "2147"]
[BlackElo "1990"]

1.d4 Nf6 2.c4 g6 3.Nf3 Bg7 4.Nc3 O-O 5.e4 d6 6.Be2 e5 7.O-O Nc6 8.d5 Ne7
9.b4 Ne8 10.c5 f5 11.Ng5 h6 12.Ne6 Bxe6 13.dxe6 fxe4 14.cxd6 cxd6 15.Nxe4 b6
16.b5 d5 17.Ba3 Rf4 18.Bxe7 Qxe7 19.Qxd5 Rd8 20.Qc6 Nd6 21.Nxd6 Rxd6 22.Qc2 Qxe6
23.Rad1 Kh7 24.Rxd6 Qxd6 25.Bd3 Qf6 26.Be4 Qg5 27.g3 Rf6 28.Rd1 Qg4 29.Rd8 h5
30.Qc4 h4 31.f3 Qg5 32.Kf2 hxg3+ 33.hxg3 Rxf3+ 34.Kxf3 Qxd8 35.Qc2 Qf6+ 36.Kg4  1/2-1/2

[Event "EY Boys U16 2012"]
[Site "Prague CZE"]
[Date "2012.08.24"]
[Round "8.8"]
[White "Giroyan,G"]
[Black "Ivekovic,Bo2"]
[Result "1/2-1/2"]
[WhiteElo "2394"]
[BlackElo "2200"]

1.d4 Nf6 2.c4 g6 3.Nc3 Bg7 4.e4 d6 5.Nf3 O-O 6.Be2 e5 7.O-O Nc6 8.Be3 Ng4
9.Bg5 f6 10.Bc1 Nh6 11.Rb1 Nf7 12.dxe5 Nfxe5 13.Nxe5 fxe5 14.Be3 Nd4 15.b4 Be6
16.Qd2 c6 17.Rbc1 Qb6 18.a3 Rad8 19.c5 Qc7 20.cxd6 Qxd6 21.Qb2 Kh8 22.Rfd1 Bg8
23.Bf1 Qe6 24.Ne2 Qb3 25.Qxb3 Bxb3 26.Rd2 Rd7 27.Rc3 Ba4 28.Rc1 Rfd8 29.Nc3 Bb3
30.Rb2 b6 31.Bg5 Rf8 32.Ne2 Ba4 33.Nc3 Bb3 34.Ne2 Ba4 35.Nc3 Bb3 36.Ne2 Ba4  1/2-1/2

[Event "EY Boys U18 2012"]
[Site "Prague CZE"]
[Date "2012.08.24"]
[Round "8.41"]
[White "Belsley,A"]
[Black "Tahaoglu,Ugur Barkin"]
[Result "1/2-1/2"]
[WhiteElo "1842"]
[BlackElo "1912"]

1.d4 Nf6 2.c4 g6 3.Nc3 Bg7 4.e4 d6 5.Nf3 O-O 6.Be2 e5 7.O-O Nc6 8.d5 Ne7
9.Ne1 Nd7 10.Be3 f5 11.f3 f4 12.Bf2 g5 13.Rc1 Rf6 14.Nd3 Rh6 15.c5 a6 16.c6 bxc6
17.dxc6 Nf8 18.Nb4 Qe8 19.g4 fxg3 20.Bxg3 Neg6 21.Ncd5 Ne6 22.Nd3 Ngf4 23.Nf2 Rg6
24.Bc4 Nxd5 25.Bxd5 h5 26.Nd3 Kh7 27.Kh1 Nf4 28.Nxf4 exf4 29.Bf2 Bxb2 30.Rb1 Be5
31.Rb7 Rg7 32.Rg1 g4 33.Bh4 g3 34.hxg3 fxg3 35.Kg2 Bf4 36.Qd4 Be5 37.Qe3 Qf8
38.Bg5 h4 39.Bxh4 Bf4 40.Rh1 Kg6 41.Qd4 Be5 42.Qe3 Bf4  1/2-1/2

[Event "EY Boys U14 2012"]
[Site "Prague CZE"]
[Date "2012.08.24"]
[Round "8.9"]
[White "Huber,Mart AUT"]
[Black "Havelka,Josef"]
[Result "1-0"]
[WhiteElo "2185"]
[BlackElo "1856"]

1.d4 Nf6 2.c4 g6 3.Nc3 Bg7 4.e4 d6 5.Nf3 O-O 6.Be2 e5 7.O-O Nc6 8.d5 Ne7
9.Ne1 Nd7 10.Nd3 f5 11.f3 f4 12.Bd2 g5 13.Rc1 Ng6 14.c5 Nf6 15.Nb5 Ne8 16.Qb3 h5
17.Ba5 b6 18.cxd6 cxd6 19.Bb4 g4 20.fxg4 hxg4 21.Nxd6 Nxd6 22.Bxd6 Qxd6 23.Rc6 Qe7
24.Rxg6 Kh7 25.Rxg4 Bxg4 26.Bxg4 Qg5 27.Nf2 Rf6 28.Qh3+ Rh6 29.Bf5+ Kh8 30.Qg4 Qe7
31.Rc1 Rf8 32.Rc3 Qb4 33.Qe2 Qe7 34.Ng4 Rh4 35.g3 fxg3 36.hxg3 Rxf5 37.exf5 Rxg4
38.Qxg4 e4 39.Rc8+ Kh7 40.Qg6+  1-0

[Event "EY Boys U14 2012"]
[Site "Prague CZE"]
[Date "2012.08.24"]
[Round "8.25"]
[White "Maslov,Ivan"]
[Black "Foniak,Ivan"]
[Result "1/2-1/2"]
[WhiteElo "1975"]
[BlackElo "2067"]

1.d4 Nf6 2.c4 g6 3.Nc3 Bg7 4.e4 d6 5.Nf3 O-O 6.Be2 e5 7.O-O Nc6 8.dxe5 dxe5
9.Bg5 Qxd1 10.Rfxd1 h6 11.Bxf6 Bxf6 12.Nd5 Bd8 13.h3 f6 14.Rd2 Be6 15.Rad1 Kg7
16.c5 Rc8 17.b4 Nb8 18.Bc4 Bf7 19.Ne1 b5 20.Be2 c6 21.Ne3 Be7 22.h4 Rcd8
23.h5 Rxd2 24.Rxd2 Rd8 25.Rxd8 Bxd8 26.a3 gxh5 27.Nf5+ Kh7 28.Nd6 Bg6 29.Bd3 Bc7
30.Nf5 a5 31.Kf1 axb4 32.axb4 Bf7 33.Ke2 Na6 34.Nc2 Bb3 35.Nfe3 Kg6 36.Kd2 Kg5
37.Kc3 Be6 38.Ne1 Bg4 39.Kb3 h4 40.Nxg4 Kxg4 41.Be2+ Kf4 42.Bf3 Bd8 43.Nd3+ Kg5
44.Kc3 Nc7 45.Bd1 Be7 46.Kd2 Ne6 47.Ke3 Bd8 48.Bb3 Nd4 49.Bd1 Bc7 50.f4+ Kg6
51.f5+ Kg5 52.Ne1 h5 53.Nf3+ Nxf3 54.Kxf3 h3 55.gxh3 Kh4 56.Kg2 Bd8 57.Bb3 Be7
58.Be6 Bf8 59.Bd7 Bh6 60.Bxc6 Bd2 61.Bxb5 Bxb4 62.c6 Ba5 63.Bf1 Bb6 64.Bc4 Ba5
65.Be2 Bc7 66.Bc4 Bb6 67.Bf1 Bc7 68.Kf3 Bb6 69.Bg2 Bc7 70.Bf1 Bb6 71.Ke2 Kg3
72.Kd3 Kf4 73.Be2 h4 74.Bg4 Bc7 75.Bd1 Bd8 76.Bg4 Bc7 77.Kc4 Kxe4 78.Kc5 Kd3
79.Kd5 e4 80.Ke6 Be5  1/2-1/2

[Event "12th ch-Euro Seniors"]
[Site "Kaunas LTU"]
[Date "2012.08.25"]
[Round "8.27"]
[White "Marks,I"]
[Black "Malachi,A"]
[Result "0-1"]
[WhiteElo "1947"]
[BlackElo "2127"]

1.d4 Nf6 2.c4 g6 3.Nc3 Bg7 4.e4 d6 5.Nf3 O-O 6.Be2 e5 7.O-O Nc6 8.d5 Ne7
9.Ne1 Ne8 10.Be3 f5 11.f3 f4 12.Bf2 g5 13.c5 Rf7 14.cxd6 cxd6 15.Rc1 Bf8
16.a4 Rg7 17.Nb5 a6 18.Na3 g4 19.Nc4 b5 20.axb5 axb5 21.Bb6 Qd7 22.Na3 Qb7
23.Bf2 g3 24.hxg3 fxg3 25.Be3 Ng6 26.f4 Nxf4 27.Bxb5 Bg4 28.Qd2 Rxa3 29.Bxf4 Qxb5
30.bxa3 exf4 31.Qxf4 Be7 32.Nf3 Qb6+ 33.Kh1 Nf6 34.Ng5 Qd8 35.Ne6 Bxe6 36.dxe6 Rg4
37.Qe3 Qe8 38.Rf5 Rh4+ 39.Kg1 Nxe4 40.Rc4 d5 41.Rxd5 Qf8 42.Rc2 Rf4 43.Rc1 Qh6
44.Rc8+ Kg7 45.Qd4+ Nf6 46.Rg5+ Qxg5 47.Qa7 Nd5 48.Qa8 Rf8 49.Rxf8 Bxf8 50.Qb7+ Be7  0-1

[Event "11th Lichtenberger Sommer 2012"]
[Site "Berlin GER"]
[Date "2012.08.26"]
[Round "9.101"]
[White "Bensch,W"]
[Black "Jiranek,Benno"]
[Result "0-1"]
[WhiteElo "1665"]
[BlackElo "1442"]

1.d4 Nf6 2.c4 g6 3.Nc3 Bg7 4.e4 d6 5.Be2 O-O 6.Nf3 Nc6 7.O-O e5 8.d5 Ne7
9.Be3 Nd7 10.Qd2 f5 11.Bh6 f4 12.Bxg7 Kxg7 13.Ng5 Nf6 14.h3 h6 15.Ne6+ Bxe6
16.dxe6 c6 17.Bf3 Qc7 18.Rad1 Rad8 19.Qe2 Qc8 20.Rd2 Qxe6 21.Rfd1 Nc8 22.c5 Rd7
23.Bg4 Nxg4 24.hxg4 g5 25.f3 Rfd8 26.b3 dxc5 27.Kh2 Rd4 28.Rc2 Nb6 29.Rdc1 Rd3
30.Nd5 Rd4 31.Nc3 R8d6 32.Qe1 a6 33.Ne2 Rd3 34.Qa5 Na8 35.Rxc5 Kf6 36.Qa3 Nc7
37.Qb2 Rd2 38.R5c2 Qd7 39.a4 h5 40.gxh5 Rd1 41.Nc3 R1d2 42.Rxd2 Rxd2 43.Rc2 Rd6
44.g3 fxg3+ 45.Kxg3 Rd3 46.Rh2 g4 47.Rf2 Ne6 48.Ne2 Qg7 49.Kh2 gxf3 50.Qc2 Qd7
51.Qc1  0-1

[Event "19th Graz Open 2012"]
[Site "Graz AUT"]
[Date "2012.08.26"]
[Round "2.7"]
[White "Wegerer,F"]
[Black "Lanka,Z"]
[Result "1-0"]
[WhiteElo "2194"]
[BlackElo "2418"]

1.d4 Nf6 2.Nf3 g6 3.c4 Bg7 4.Nc3 d6 5.e4 O-O 6.Be2 e5 7.O-O Nc6 8.d5 Ne7
9.Ne1 Nd7 10.Be3 f5 11.f3 Kh8 12.Rc1 a6 13.Nd3 c5 14.dxc6 Nxc6 15.exf5 gxf5
16.f4 Nf6 17.Nf2 Be6 18.Nd5 Nd4 19.Bxd4 exd4 20.Nxf6 Bxf6 21.Bf3 Rb8 22.Re1 Bg8
23.Qc2 b5 24.cxb5 Rxb5 25.a3 Rc5 26.Qd2 Re8 27.Nd3 Rxc1 28.Qxc1 a5 29.b4 axb4
30.axb4 Rxe1+ 31.Nxe1 Qb6 32.Nd3 Qa6 33.Be2 Qb7 34.Bf3 Qf7 35.Qc2 Qe8 36.Kf1 Qb5
37.Bc6 Qa6 38.b5 Qa1+ 39.Qc1 Qa2 40.Qb2 Qc4 41.Ke2 Qe6+ 42.Kf1 Qc4 43.Ke2 Bf7
44.Bf3 Be8 45.b6 Bb5 46.Qd2 Bd8 47.b7 Bc7 48.h3 Kg7 49.g4 d5 50.Bg2 Ba6 51.gxf5 Kf6
52.Bf1 Bxb7 53.Kf3 Qc3 54.Qg2 Kxf5 55.Qg7 Bd8 56.h4  1-0

[Event "19th Graz Open 2012"]
[Site "Graz AUT"]
[Date "2012.08.26"]
[Round "2.25"]
[White "Kranewitter,N"]
[Black "Beuter,C"]
[Result "1-0"]
[WhiteElo "2074"]
[BlackElo "1933"]

1.Nf3 Nf6 2.d4 g6 3.c4 Bg7 4.Nc3 d6 5.e4 O-O 6.Be2 e5 7.O-O Nc6 8.d5 Ne7
9.b4 a5 10.Ba3 b6 11.bxa5 Ne8 12.Nd2 Rxa5 13.Bb4 Ra8 14.a4 f5 15.Ra3 c5 16.dxc6 Nxc6
17.Nd5 Nxb4 18.Nxb4 Bb7 19.Bf3 f4 20.Bg4 Qe7 21.Nd5 Bxd5 22.cxd5 Nc7 23.Be2 b5
24.a5 Rfb8 25.Qb1 Qd7 26.Rc1 Na6 27.Rc6 Nc7 28.Qb4 Bf8 29.a6 Ne6 30.Bg4  1-0

[Event "19th Graz Open 2012"]
[Site "Graz AUT"]
[Date "2012.08.29"]
[Round "5.20"]
[White "Kranewitter,N"]
[Black "Nikic,Saso"]
[Result "0-1"]
[WhiteElo "2074"]
[BlackElo "1691"]

1.Nf3 Nf6 2.d4 g6 3.c4 Bg7 4.Nc3 O-O 5.e4 d6 6.Be2 e5 7.O-O Nc6 8.d5 Ne7
9.b4 Ne8 10.c5 h6 11.a4 f5 12.Ba3 g5 13.Nd2 Ng6 14.exf5 Bxf5 15.Bg4 Bxg4
16.Qxg4 Nf4 17.Nde4 Nf6 18.Nxf6+ Qxf6 19.cxd6 cxd6 20.b5 h5 21.Qd1 Qf5 22.Bxd6 Rfd8
23.Bc7 Rd7 24.d6 e4 25.Qb3+ Kh8 26.Rae1 Qg4 27.g3 Nh3+ 28.Kg2 Qf3+ 29.Kxh3 g4+
30.Kh4 Qf6+ 31.Kxh5 Qf5+  0-1

[Event "World Youth U16 Olympiad 2012"]
[Site "Istanbul TUR"]
[Date "2012.08.29"]
[Round "1.14"]
[White "Kumic,F"]
[Black "Thogersen,Rasmus"]
[Result "1-0"]
[WhiteElo "2230"]
[BlackElo "1885"]

1.d4 Nf6 2.Nf3 g6 3.c4 Bg7 4.Nc3 O-O 5.e4 d6 6.Be2 e5 7.O-O Nc6 8.d5 Ne7
9.a4 a5 10.b3 Nd7 11.Ba3 f5 12.Ng5 Nf6 13.c5 fxe4 14.cxd6 cxd6 15.Ncxe4 Nxe4
16.Nxe4 Nf5 17.Bg4 Ra6 18.Rc1 Bd7 19.Be2 Rb6 20.Bc4 Qh4 21.Qd3 Bh6 22.Rce1 Nd4
23.f3 Bf5 24.Qc3 Qd8 25.Rf2 Bxe4 26.Rxe4 Nf5 27.Rfe2 Bf4 28.Rxf4 exf4 29.Bb2 Kf7
30.Bd3 Qg5 31.Qc7+  1-0

[Event "40th Olympiad Open"]
[Site "Istanbul TUR"]
[Date "2012.08.29"]
[Round "2.36"]
[White "Cheparinov,I"]
[Black "Djuraev,S"]
[Result "1-0"]
[WhiteElo "2681"]
[BlackElo "2354"]

1.d4 Nf6 2.c4 g6 3.Nc3 Bg7 4.e4 d6 5.Nf3 O-O 6.Be2 e5 7.O-O Nc6 8.d5 Ne7
9.b4 Nh5 10.g3 f5 11.Ng5 Nf6 12.Bf3 c6 13.Ba3 cxd5 14.exd5 e4 15.Be2 Ne8
16.Qb3 Nc7 17.c5 b5 18.Nxb5 Nxb5 19.Bxb5 h6 20.cxd6 Qxd6 21.Bc4 hxg5 22.b5 Qe5
23.Bxe7 f4 24.d6+ Kh7 25.Bxf8 Bxf8 26.Rad1 Bg4 27.Rd5 Qf6 28.b6 axb6 29.Qxb6 Rd8
30.Qd4 Rxd6 31.Rxd6 Qxd6 32.Qxe4 Bg7 33.a4 Bd7 34.a5 Bc8 35.Qd5 Qc7 36.a6 Kh6
37.Bd3 Qb6 38.a7 Qxa7 39.Qc6  1-0

[Event "World Youth U16 Olympiad 2012"]
[Site "Istanbul TUR"]
[Date "2012.08.30"]
[Round "2.19"]
[White "Kenenbaev,Aidar"]
[Black "Ayazmali,Gizem"]
[Result "1-0"]
[WhiteElo "1639"]
[BlackElo "1612"]

1.d4 Nf6 2.c4 g6 3.Nc3 Bg7 4.e4 d6 5.Nf3 O-O 6.Be2 e5 7.O-O Nc6 8.d5 Ne7
9.Ne1 Nd7 10.Nd3 f5 11.Bd2 Nf6 12.f3 f4 13.Rc1 g5 14.c5 a6 15.b4 Qe8 16.Nf2 a5
17.cxd6 cxd6 18.Nb5 Qd8 19.Nc7 Rb8 20.bxa5 Ng6 21.Qb3 Rf7 22.Ne6 Bxe6 23.dxe6 Re7
24.Bb4 Ne8 25.Rfd1 Nf8 26.Bb5 Nxe6 27.Bxe8 Rxe8 28.Rxd6 Qf6 29.Rb6 Qf7 30.Bd6 Rbc8
31.Rb1 Nd8 32.h3 Ra8 33.Qb5 Re6 34.Rc1 Qf6 35.Bc7 Rc8 36.Qd7 Rxb6 37.Qxc8  1-0

[Event "40th Olympiad Open"]
[Site "Istanbul TUR"]
[Date "2012.08.30"]
[Round "3.38"]
[White "Sipila,V"]
[Black "Watanabe,A"]
[Result "0-1"]
[WhiteElo "2431"]
[BlackElo "2278"]

1.Nf3 Nf6 2.c4 g6 3.Nc3 Bg7 4.e4 d6 5.d4 O-O 6.Be2 e5 7.O-O Nc6 8.d5 Ne7
9.Ne1 Nd7 10.Nd3 f5 11.f3 Kh8 12.Bd2 f4 13.Rc1 g5 14.c5 Nxc5 15.Nxc5 dxc5
16.Na4 b6 17.b4 cxb4 18.Bxb4 Ng6 19.Bb5 Rf6 20.Qc2 c5 21.Be1 g4 22.fxg4 Bxg4
23.Be2 Qd7 24.Nc3 Rg8 25.Qd1 h5 26.h3 Bxh3 27.Bxh5 Bh6 28.Rc2 f3 29.Rxf3 Nf4
30.Rg3 Rxg3 31.Bxg3 Bxg2 32.Bxf4 Qh3 33.Rxg2 Bxf4 34.Re2 Be3+ 35.Rxe3 Qxe3+
36.Kh1 Qh3+ 37.Kg1 Qg3+ 38.Kh1 Rf2 39.Qg4 Rf1+  0-1

[Event "19th Graz Open 2012"]
[Site "Graz AUT"]
[Date "2012.08.31"]
[Round "7.6"]
[White "Gruskovnjak,T"]
[Black "Horvath,Re"]
[Result "1-0"]
[WhiteElo "2384"]
[BlackElo "2032"]

1.Nf3 Nf6 2.c4 g6 3.Nc3 Bg7 4.e4 d6 5.d4 O-O 6.Be2 e5 7.O-O Nc6 8.d5 Ne7
9.b4 Nd7 10.Ba3 f5 11.c5 Nf6 12.cxd6 cxd6 13.Nd2 fxe4 14.Ndxe4 Bf5 15.Bf3 Qb6
16.Qb3 Nxe4 17.Nxe4 Bxe4 18.Bxe4 Rf4 19.Rae1 Rc8 20.g3 Rf7 21.Rc1 Bh6 22.Rxc8+ Nxc8
23.Bb2 Kh8 24.a4 Rc7 25.Kg2 Ne7 26.f4 Bg7 27.Rf2 Ng8 28.a5 Qb5 29.fxe5 dxe5
30.d6 Rc4 31.d7 Bf6 32.Rxf6 Rd4 33.Bxd4 Qe2+ 34.Kg1  1-0

[Event "World Youth U16 Olympiad 2012"]
[Site "Istanbul TUR"]
[Date "2012.08.31"]
[Round "4.6"]
[White "Sibashvili,G"]
[Black "Principe,A"]
[Result "1-0"]
[WhiteElo "2073"]
[BlackElo "2228"]

1.d4 Nf6 2.c4 g6 3.Nc3 Bg7 4.e4 d6 5.Nf3 O-O 6.Be2 e5 7.O-O Nc6 8.d5 Ne7
9.Ne1 Nd7 10.Be3 f5 11.f3 f4 12.Bf2 g5 13.Rc1 Rf7 14.Nd3 Bf8 15.c5 dxc5 16.Nxc5 Nxc5
17.Bxc5 Nf5 18.d6 Ng7 19.Nb5 cxd6 20.Nxd6 Rc7 21.Bc4+ Be6 22.Bxe6+ Nxe6 23.Qd5 Qd7
24.Ba3 Rxc1 25.Rxc1 Rd8 26.Rd1 b6 27.Qxe5 h6 28.Qd5 Bg7 29.h4 gxh4 30.Kh2 Kh8
31.Nb7 Qxd5 32.Rxd5 Rxd5 33.exd5 Ng5 34.d6 Bf6 35.d7 Ne6 36.Bd6 Kg7 37.Bb8 a6
38.Ba7 Nd8 39.Nxd8 Bxd8 40.Bb8 Kf7 41.Bxf4 h5 42.Kh3 Ke6 43.Be3 Kxd7 44.Bf2 Ke6
45.Bxh4 Bc7 46.Bg5 Kf5 47.Kh4 Kg6 48.Be3 b5 49.g4 hxg4 50.Kxg4 Be5 51.b3 a5
52.f4 Bc3 53.f5+ Kf6 54.Kf4 Ke7 55.Ke4 Kd6 56.Bf4+ Kc6 57.Be5 Bb4 58.Bg7 a4
59.f6 Bc3 60.Bh8 Bb4 61.f7 Bf8 62.Bd4 axb3 63.axb3 Kd6 64.Kf5 Kd5 65.Bc3 b4
66.Bf6 Kd6 67.Kg6 Ke6 68.Bg5 Kd5 69.Bh6 Be7 70.f8=Q Bxf8 71.Bxf8  1-0

[Event "World Youth U16 Olympiad 2012"]
[Site "Istanbul TUR"]
[Date "2012.08.31"]
[Round "4.12"]
[White "Kenenbaev,Aidar"]
[Black "Nayhebaver,Martin"]
[Result "1/2-1/2"]
[WhiteElo "1639"]
[BlackElo "2124"]

1.d4 Nf6 2.c4 g6 3.Nc3 Bg7 4.e4 O-O 5.Nf3 d6 6.Be2 e5 7.O-O Nc6 8.d5 Ne7
9.Ne1 Nd7 10.Nd3 f5 11.Bd2 Nf6 12.f3 Rf7 13.Rc1 f4 14.c5 g5 15.b4 Ng6 16.Nf2 Bf8
17.cxd6 cxd6 18.a4 h5 19.Nb5 a6 20.Na3 Rg7 21.h3 Nh4 22.a5 g4 23.fxg4 hxg4
24.Bxg4 Bxg4 25.Nxg4 Nxg4 26.hxg4 Qd7 27.Be1 Be7 28.Bxh4 Bxh4 29.Qf3 Bd8
30.Nc4 Rxg4 31.Qh3 Rg7 32.Qxd7 Rxd7 33.Nb6 Bxb6+ 34.axb6 Kf7 35.Rc3 Re8 36.Rfc1 Ree7
37.Kf2 Ke8  1/2-1/2

[Event "11th Istanbul Open A"]
[Site "Istanbul TUR"]
[Date "2012.09.01"]
[Round "3"]
[White "Azaladze,S"]
[Black "Kanmazalp,O"]
[Result "1-0"]
[WhiteElo "2466"]
[BlackElo "2369"]

1.c4 Nf6 2.Nf3 g6 3.Nc3 Bg7 4.e4 d6 5.d4 O-O 6.Be2 e5 7.O-O Nc6 8.d5 Ne7
9.b4 Nh5 10.g3 f5 11.Ng5 Nf6 12.Bf3 c6 13.Bg2 h6 14.Ne6 Bxe6 15.dxe6 fxe4
16.b5 d5 17.Ba3 Re8 18.cxd5 cxd5 19.Qb3 Qb6 20.Bxe7 Rxe7 21.Nxd5 Nxd5 22.Qxd5 Rd8
23.Qxe4 Qxe6 24.Rfd1 Red7 25.Rxd7 Rxd7 26.h4 Bf8 27.Re1 Bc5 28.Re2 Bd4 29.Kh2 Qf5
30.Rc2 Qxe4 31.Bxe4 Kg7 32.f3 Bb6 33.Kh3 Rc7 34.Rxc7+ Bxc7 35.Bxb7 Kf6 36.Kg4 Ba5
37.a4 Be1 38.Be4 Ba5 39.Kh3 Bb6 40.Kg2 g5 41.h5 Ke6 42.Kf1 Kd6 43.Ke2 Kc5
44.Kd3 g4 45.f4 exf4 46.gxf4 Kd6 47.Bb7 Ke6 48.Bc8+ Kf6 49.Bxg4 Bc7 50.Ke4 Ba5
51.Kd5 Bc7 52.f5 Bd8 53.Kc6 Kg5 54.Kd7 Bb6 55.Ke6 Bd8 56.Be2  1-0

[Event "40th Olympiad Open"]
[Site "Istanbul TUR"]
[Date "2012.09.01"]
[Round "5.56"]
[White "Pesqueira,J"]
[Black "Prasad,C FIJ"]
[Result "1-0"]
[WhiteElo "1986"]
[BlackElo "2002"]

1.d4 Nf6 2.c4 g6 3.Nc3 Bg7 4.e4 d6 5.Nf3 O-O 6.Be2 e5 7.O-O Nc6 8.d5 Ne7
9.Ne1 Nd7 10.Nd3 f5 11.f3 Nf6 12.Bd2 f4 13.c5 g5 14.cxd6 cxd6 15.Nf2 Ng6
16.a4 Rf7 17.a5 Bf8 18.Be1 h5 19.h3 Rg7 20.Ra3 Nh4 21.Nb1 Be7 22.Nd2 Kh8
23.Kh2 Bd7 24.Rh1 Rc8 25.Kg1 Kg8 26.Ra1 Qc7 27.b3 Qc5 28.Kf1 Bd8 29.Nc4 b5
30.axb6 axb6 31.Nd3 Qc7 32.Bf2 Qb8 33.Ra6 Bb5 34.Ra1 Ng6 35.Nb4 Ne7 36.Na6 Bxa6
37.Rxa6 Nd7 38.Qa1 Nc5 39.Bxc5 dxc5 40.Nxe5 Nxd5 41.exd5 Qd6 42.Nc4 Qg6 43.Qd1 Re7
44.Kf2 Qg7 45.Nd6 Rcc7 46.Nf5 Qe5 47.Nxe7+ Rxe7 48.Qd2 Qd6 49.Bc4 Re3 50.Re1 Bf6
51.Ra7 Bc3 52.Qxc3  1-0

[Event "40th Olympiad Open"]
[Site "Istanbul TUR"]
[Date "2012.09.01"]
[Round "5.40"]
[White "Zhang Zhong"]
[Black "Ziska,H"]
[Result "1-0"]
[WhiteElo "2595"]
[BlackElo "2469"]

1.d4 Nf6 2.c4 g6 3.Nc3 Bg7 4.e4 d6 5.Nf3 O-O 6.Be2 e5 7.O-O Nc6 8.d5 Ne7
9.b4 Ne8 10.a4 f5 11.a5 Nf6 12.Bg5 Nxe4 13.Nxe4 fxe4 14.Nd2 Bf6 15.Be3 Nf5
16.Nxe4 Nxe3 17.fxe3 Bf5 18.Nxf6+ Rxf6 19.Bd3 Qe7 20.e4 Bd7 21.Qd2 Rxf1+
22.Rxf1 Rf8 23.Rc1 b6 24.c5 bxc5 25.bxc5 dxc5 26.Qe3 c6 27.dxc6 Bxc6 28.Qxc5 Qxc5+
29.Rxc5 Rf6 30.Rxe5 Rd6 31.Bc4+ Kf8 32.Kf2 Rd2+ 33.Ke3 Rxg2 34.Rc5 Be8 35.Rc7 a6
36.Rxh7 Rg5 37.Bd5 Rg1 38.Kd4 Ra1 39.Ke5  1-0

[Event "40th Olympiad Open"]
[Site "Istanbul TUR"]
[Date "2012.09.01"]
[Round "5.52"]
[White "Qureshi,M"]
[Black "Mueller,Le"]
[Result "1/2-1/2"]
[WhiteElo "2190"]
[BlackElo "2166"]

1.d4 g6 2.c4 Bg7 3.Nc3 Nf6 4.e4 d6 5.Nf3 O-O 6.Be2 e5 7.O-O Nc6 8.d5 Ne7
9.Ne1 Ne8 10.Nd3 f5 11.Bd2 Kh8 12.b4 Ng8 13.Rc1 fxe4 14.Nxe4 Nef6 15.f3 Nxe4
16.fxe4 Qh4 17.Rxf8 Bxf8 18.Nf2 Bh6 19.g3 Qe7 20.c5 Bxd2 21.Qxd2 Nf6 22.cxd6 cxd6
23.Qe3 Ne8 24.Bb5 Bd7 25.Bd3 Kg7 26.Be2 Qd8 27.Rc3 h6 28.Ra3 b6 29.h4 Nc7
30.Rc3 Ne8 31.Bg4 Rc8 32.Qc1 Rxc3 33.Qxc3 Bxg4 34.Nxg4 h5 35.Nf2 g5 36.hxg5 Qxg5  1/2-1/2

[Event "40th Olympiad Open"]
[Site "Istanbul TUR"]
[Date "2012.09.03"]
[Round "6.51"]
[White "Galvez Dastin,E"]
[Black "Ali,Ak"]
[Result "1-0"]
[WhiteElo "2160"]
[BlackElo "2282"]

1.Nf3 Nf6 2.c4 g6 3.Nc3 Bg7 4.e4 d6 5.d4 O-O 6.Be2 e5 7.O-O Nc6 8.d5 Ne7
9.b4 Nh5 10.Re1 Nf4 11.Bf1 a5 12.bxa5 Rxa5 13.a4 b6 14.Nb5 f5 15.Bxf4 exf4
16.e5 dxe5 17.Nxe5 g5 18.Nxc7 Qxc7 19.d6 Qb7 20.dxe7 Re8 21.c5 Be6 22.Bb5 Rxb5
23.axb5 Qxe7 24.cxb6 Qc5 25.Qh5 Kf8 26.Rac1 Qxb6 27.Rc6 Qxb5 28.Rxe6  1-0

[Event "40th Olympiad Open"]
[Site "Istanbul TUR"]
[Date "2012.09.03"]
[Round "6.41"]
[White "Qureshi,M"]
[Black "Hansen,TR"]
[Result "1/2-1/2"]
[WhiteElo "2190"]
[BlackElo "2469"]

1.d4 Nf6 2.c4 g6 3.Nc3 Bg7 4.e4 d6 5.Nf3 O-O 6.Be2 e5 7.O-O Nc6 8.d5 Ne7
9.Ne1 Nd7 10.Nd3 f5 11.Bd2 fxe4 12.Nxe4 Nf5 13.f3 a5 14.Ndf2 b6 15.b3 Nc5
16.Nxc5 bxc5 17.Ne4 Nd4 18.Rb1 Bf5 19.Bd3 Qe7 20.Be3 Rfb8 21.Qd2 Rb4 22.Ng3 Bxd3
23.Qxd3 a4 24.Bd2 axb3 25.axb3 Rb7 26.b4 cxb4 27.Rxb4 Rxb4 28.Bxb4 Ra2 29.Bd2 Qe8
30.Ne4 Qa4 31.Rb1 Qa7 32.Kh1 Ra3 33.Qf1 Nf5 34.Qg1 Nd4 35.Bb4 Ra2 36.h3 Bh6
37.c5 Ne2 38.Qf1 dxc5 39.Bxc5 Qxc5 40.Nxc5 Ng3+ 41.Kh2 Nxf1+ 42.Rxf1 Bf4+
43.Kh1 h5 44.Rd1  1/2-1/2

[Event "World Youth U16 Olympiad 2012"]
[Site "Istanbul TUR"]
[Date "2012.09.03"]
[Round "7.22"]
[White "Szotkowski,J"]
[Black "Arat,Uf"]
[Result "1-0"]
[WhiteElo "2109"]
[BlackElo "2124"]

1.Nf3 g6 2.c4 Bg7 3.Nc3 d6 4.d4 Nf6 5.e4 O-O 6.Be2 e5 7.O-O Nc6 8.d5 Ne7
9.Ne1 Nd7 10.Be3 f5 11.f3 f4 12.Bf2 g5 13.a4 Rf6 14.a5 Rh6 15.Nb5 Nf6 16.c5 Qe8
17.g4 fxg3 18.Bxg3 Qd7 19.cxd6 cxd6 20.Rf2 Nh5 21.Bf1 Ng6 22.Rc1 Ngf4 23.Bxf4 Nxf4
24.Rfc2 Nh3+ 25.Bxh3 Qxh3 26.Rg2 Bd7 27.Qe2 Rf8 28.Rc7 Rf7 29.Rxb7 g4 30.Nxa7 Rg6
31.Rb8+ Bf8 32.Rb3 Bh6 33.Rc3 Qh5 34.Nc6 Bf4 35.a6 Bxh2+ 36.Rxh2 gxf3+ 37.Kh1 fxe2
38.Rxh5 Rf1+ 39.Kh2 Rf2+ 40.Kh1 Rf1+ 41.Kh2 Rxe1 42.Re3 Rg7 43.Rh6  1-0